000 00325 a2200121 4500
000 nam a22 7a 4500
005 20260207101626.0
020 _a9789362874115
100 _aMisra, Harischandra
_91114323
245 _aLokasahitya ka lokapaksa: siddhanta evam vyavahara
260 _bVani Prakashan
_c2024
942 _cTEXL
999 _c1678867
_d1678867